00663nam a2200193Ia 4500003000900000008004100009040001600050080001300066100002500079245005800104260004800162300001400210490003600224650004100260650002900301942000700330999001500337952011700352IN-BaIIA211028s9999 xx 000 0 eng d cIIA Library a535bBUC aBuchdahl, H. A97560 3aAn Introduction to hamiltonian opticscH. A. Buchdahl aCambridgebCambridge University Pressc1970 axv, 360p. aCambridge monographs on physics aAstronomy and astrophysics thesaurus aHamiltonian optics97561 cBK c4302d4302 00104070aBANbBANcGENd1973-09-10g108.00l0o535/ BUCp4801r2021-11-05v108.00w1973-09-10yBKGRs. 108.00